Budismo y Cristianismo
Spremljeno u:
| Glavni autor: | |
|---|---|
| Format: | Knjiga |
| Jezik: | španjolski |
| Izdano: |
Salamanca
Ediciones Sígueme
2006
|
| Izdanje: | 1a. ed |
| Serija: | Verdad e Imagen, 169
|
| Teme: | |
| Oznake: |
Dodaj oznaku
Bez oznaka, Budi prvi tko označuje ovaj zapis!
|
MARC
| LEADER | 00000cam a2200000 a 4500 | ||
|---|---|---|---|
| 001 | UCD9370 | ||
| 003 | CL-VaPUC | ||
| 008 | 170616e20060000sp |||||||||||||||||spa|d | ||
| 020 | |a 8430116001 | ||
| 082 | 0 | 4 | |a 294.3 |b LUB |2 21 |
| 100 | |a Lubac, Henri de, |d 1896-1991 |e autor |9 593067 | ||
| 245 | 1 | 0 | |a Budismo y Cristianismo |
| 250 | |a 1a. ed | ||
| 300 | |a 222 p | ||
| 942 | |c BK | ||
| 945 | |d 20170616 21:05:00 |a dcastane | ||
| 260 | |a Salamanca |b Ediciones Sígueme |c 2006 | ||
| 650 | 7 | |a BUDISMO |2 CL-VaPUC |9 593068 | |
| 583 | |a last modification |c 20170616 21:05:00 |k Rodrigo Vera | ||
| 490 | 0 | |a Verdad e Imagen, 169 | |
| 999 | |c 368580 |d 368578 | ||
| 952 | |0 0 |1 0 |3 erb |4 0 |6 294_300000000000000_LUB_2006 |7 0 |8 A |9 483938 |a BIBTEO |b BIBTEO |i 539919K |l 1 |o 294.3 LUB 2006 |p 539919K |r 2025-01-17 |s 2024-04-04 |w 2019-11-24 |y BK |z Catalogado en:20170616 |k ICR | ||